Normal view
MARC view
- 1. Electric machinery --Automatic control. 2. Electric machinery --Mathematical models
Entry Topical Term
001 - CONTROL NUMBER
- control field: 122222
003 - CONTROL NUMBER IDENTIFIER
- control field: NUST
005 - DATE AND TIME OF LATEST TRANSACTION
- control field: 20240327111643.0
008 - FIXED-LENGTH DATA ELEMENTS
- fixed length control field: 240327|| aca||aabn | a|a d
040 ## - CATALOGING SOURCE
- Original cataloging agency: NUST
- Transcribing agency: NUST
150 ## - HEADING--TOPICAL TERM
- Topical term or geographic name entry element: 1. Electric machinery --Automatic control. 2. Electric machinery --Mathematical models
670 ## - SOURCE DATA FOUND
- Source citation: Work cat.: (NUST)12356: Electrical machines and automatic control /, 2012
